Městské inženýrství 2. : Technický průvodce

Na minha lista:
Detalhes bibliográficos
Main Authors: Šrytr, Petr (Author), kol (Author)
Formato: Livro
Idioma:tcheco
Publicado em: Praha : Academia, 2001
Tags: Adicionar Tag
Sem tags, seja o primeiro a adicionar uma tag!

MARC

LEADER 00000nam a22000003a 4500
001 stu73191
005 20150617225648.9
008 020109s2001----xr------------------cze-d
020 |a 80-200-0440-8 
040 |a STU  |b slo 
041 0 |a cze 
044 |a xr 
080 |a 625 
080 |a 628.4 
080 |a 712.25 
080 |a 614.8 
080 |a 615.83 
100 1 |a Šrytr, Petr  |4 aut 
245 1 |a Městské inženýrství 2. :  |b Technický průvodce 
260 |a Praha :  |b Academia,  |c 2001 
300 |a 398 s.;obr.,tab.,schémy 
700 1 |a kol.  |4 aut 
996 |c V*48441/O-21364 II.  |l VV17  |s P  |a 0  |w stu73191_0001 
996 |c V*47332/O-20851  |l VV17  |s P  |a 0  |w stu73191_0002